Development of women entrepreneurship in India : (Record no. 66864)

MARC details
000 -LEADER
fixed length control field 00617nam a22001577a 4500
005 - DATE AND TIME OF LATEST TRANSACTION
control field 20120518160037.0
020 ## - INTERNATIONAL STANDARD BOOK NUMBER
International Standard Book Number 817141429X
Terms of availability 525.00
035 ## - SYSTEM CONTROL NUMBER
System control number A-945517
037 ## - SOURCE OF ACQUISITION
Stock number DPL
Source of stock number/acquisition ENG
245 ## - TITLE STATEMENT
Title Development of women entrepreneurship in India :
Remainder of title Problems and prospects
Statement of responsibility, etc edited by C. Swarajya Lakshmi
260 ## - PUBLICATION, DISTRIBUTION, ETC. (IMPRINT)
Place of publication, distribution, etc New Delhi
Name of publisher, distributor, etc Discovery Publishing House
Date of publication, distribution, etc 1998
300 ## - PHYSICAL DESCRIPTION
Extent xxi, 275p.
Dimensions 20 cms.
700 ## - ADDED ENTRY--PERSONAL NAME
Personal name Lakshmi, C. Swarajya
9 (RLIN) 47382
942 ## - ADDED ENTRY ELEMENTS (KOHA)
Source of classification or shelving scheme Dewey Decimal Classification
Item type English Books
Classification part 338.04
Call number suffix SWA
Holdings
Withdrawn status Lost status Not for loan Collection code Home library Current library Date acquired Cost, normal purchase price Full call number Barcode Cost, replacement price Koha item type
      Non-fiction Andrews Gunj Sarojini Nagar 18/05/2012 525.00 338.04 SWA A-945517 525.00 English Books

© Delhi Public Library
Hit Counter
free hit counter